| 000 | 00443nam a2200169Ia 4500 | ||
|---|---|---|---|
| 003 | LK-CoDNM | ||
| 008 | 010623t2002 xxu||||| |||| 00| 1 eng d | ||
| 040 |
_aLK-CoDNM _dLK-CoDNM _eLK-CoDNM |
||
| 041 | _aeng | ||
| 080 |
_a802.0 _bDEZ |
||
| 100 | _aDe Zoysa, B.Woodward Bernard | ||
| 245 | _aWoodward universal spoken English | ||
| 260 |
_bSandini book shop _aMatara _c2002 |
||
| 300 | _b152, 21 cm | ||
| 650 | _aSpoken English | ||
| 942 | _cBK | ||
| 999 |
_c121853 _d121853 |
||